000 00637nam a2200253Ia 4500
003 OSt
005 20221007071458.0
006 a|||||r|||| 00| 0
007 ta
008 221006b |||||||| |||| 00| 0 eng d
024 _a3,996
037 _cTextual
040 _aFLL
_cFLL
_beng
041 _2eng
_aeng
082 _aZ3,5, M3
100 _aSmith J.C.
245 0 _aCriminal law
250 _a5th
260 _aLondon
_bButterworths U.K.
_c1983
650 _aCriminal law
_9601958
700 _a Hogan Brian
_9688857
942 _hZ3,5, M3
_cTEXL
_2CC
999 _c1143464
_d1143464